000 00471nam a22001817a 4500
003 OSt
005 20140310181742.0
008 130323t xxu||||| |||| 00| 0 eng d
050 _aBF 121
_b.M261 1967
082 _aTR 158.1
_bM29 1967
245 _aCreative living for today /
_cMaxwell Maltz.
260 _aNew York :
_bPocket Books,
_cc1969.
300 _axvii, 282 p. ;
_c18 cm.
521 _aFaculty
541 _j1
562 _e1
942 _2lcc
_cBK-TR
_kTR
999 _c2833
_d2833